00239nam a2200097Ia 4500008004100000041000800041082001500049100001400064245002800078260003500106231212s1978 xx 000 0 und d aeng a621.312424 aBhargavha aBasic Eletroinc &Linear aNew DehlibJain Brothersc1978